000 00550nam a2200193Ia 4500
005 20260114185718.0
008 008 260114s9999 xx 000 0 eng d
020 _a9780755623150
037 _aEBOOK
040 _aCRL
_beng
_cCRL
041 _aeng
_2eng
084 _qCRL
100 _aW.E. Mosse
_9873457
245 0 _aEconomic History of Russia, 1856-1914
260 _bBloomsbury
_c1996
856 _uhttps://doi.org/10.5040/9780755623150?locatt=label:secondary_bloomsburyCollections
942 _cEBOOK
999 _c1472405
_d1472405